[Event "Ruhrgebiet Bezirksliga 17/18"]
[Site "Ruhrgebiet"]
[Date "2017.11.19"]
[Round "4.1"]
[White "Rybicki, Hans"]
[Black "Burosch, Raimund"]
[Result "1-0"]
[WhiteElo "1756"]
[BlackElo "1387"]
[PlyCount "45"]
[EventDate "2017.09.03"]
[EventType "team-tourn"]
[EventRounds "9"]
[EventCountry "GER"]
[SourceTitle "EXT 2022"]
[Source "ChessBase"]
[SourceDate "2021.10.06"]
[SourceVersion "1"]
[SourceVersionDate "2021.10.06"]
[SourceQuality "1"]
[WhiteTeam "Kamen SV IV"]
[BlackTeam "Unna SV II"]
[WhiteTeamCountry "GER"]
[BlackTeamCountry "GER"]

1. e4 c5 2. Nc3 Nc6 3. f4 e6 4. Nf3 g6 5. Bc4 Bg7 6. d3 Nge7 7. 0-0 d5 8. Bb3 0-0 9. Qe1 Nd4 10. Nxd4 cxd4 11. Ne2 dxe4 12. dxe4 Qb6 13. Kh1 Rd8 14. Ng3 Nc6 15. f5 Ne5 16. Bg5 Re8 17. Qd2 Ng4 18. fxg6 hxg6 19. Qf4 f6 20. Qxg4 fxg5 21. Qxg5 Kh7 22. Rf7 e5 23. Nh5 1-0

[Event "Ruhrgebiet Bezirksliga 17/18"]
[Site "Ruhrgebiet"]
[Date "2017.09.03"]
[Round "1.1"]
[White "Burosch, Raimund"]
[Black "Grube, Frank"]
[Result "0-1"]
[WhiteElo "1364"]
[BlackElo "1844"]
[PlyCount "58"]
[EventDate "2017.09.03"]
[EventType "team-tourn"]
[EventRounds "9"]
[EventCountry "GER"]
[SourceTitle "EXT 2022"]
[Source "ChessBase"]
[SourceDate "2021.10.06"]
[SourceVersion "1"]
[SourceVersionDate "2021.10.06"]
[SourceQuality "1"]
[WhiteTeam "Unna SV II"]
[BlackTeam "Unna SV"]
[WhiteTeamCountry "GER"]
[BlackTeamCountry "GER"]

1. Nf3 c5 2. d3 d5 3. Nbd2 Nc6 4. g3 e5 5. e4 Nf6 6. Bg2 Be7 7. 0-0 0-0 8. Re1 d4 9. h4 Bg4 10. Kh2 b5 11. Nf1 Rc8 12. Bd2 c4 13. Qc1 cxd3 14. c3 Qd6 15. Qb1 dxc3 16. bxc3 a6 17. Ne3 Be6 18. Ng5 Ng4+ 19. Nxg4 Bxg4 20. f4 Na5 21. fxe5 Qxe5 22. Nf3 Bxf3 23. Bxf3 Rfd8 24. Kg2 Nc4 25. Bf4 Qxc3 26. Rc1 Qd4 27. Rd1 Bc5 28. Kh3 Ne3 29. Be2 Nxd1 0-1

[Event "Ruhrgebiet Bezirksliga 15/16"]
[Site "Ruhrgebiet"]
[Date "2016.02.28"]
[Round "8.5"]
[White "Burosch, Raimund"]
[Black "Zimmer, Sebastian"]
[Result "1/2-1/2"]
[WhiteElo "1440"]
[BlackElo "1633"]
[PlyCount "52"]
[EventDate "2015.08.30"]
[EventType "team-tourn"]
[EventRounds "9"]
[EventCountry "GER"]
[SourceTitle "EXT 2022"]
[Source "ChessBase"]
[SourceDate "2021.10.06"]
[SourceVersion "1"]
[SourceVersionDate "2021.10.06"]
[SourceQuality "1"]
[WhiteTeam "Unna SV II"]
[BlackTeam "Werl SC 1981"]
[WhiteTeamCountry "GER"]
[BlackTeamCountry "GER"]

1. e4 e6 2. d3 d5 3. Nd2 Nf6 4. Ngf3 Bc5 5. e5 Nfd7 6. d4 Be7 7. g3 c5 8. c3 Nc6 9. Bg2 cxd4 10. cxd4 Qb6 11. Nb3 Bb4+ 12. Bd2 0-0 13. 0-0 f6 14. Bf4 fxe5 15. dxe5 Qc7 16. a3 Be7 17. Re1 h6 18. h4 Nc5 19. Nxc5 Bxc5 20. b4 Bb6 21. Rc1 Qe7 22. Qd3 Bd7 23. Qg6 Nd4 24. Nxd4 Bxd4 25. Rc7 Rab8 26. Bh3 Kh8 1/2-1/2

[Event "Ruhrgebiet Bezirksliga 15/16"]
[Site "Ruhrgebiet"]
[Date "2016.01.10"]
[Round "6.5"]
[White "Burosch, Raimund"]
[Black "Boelling, Andreas"]
[Result "0-1"]
[WhiteElo "1440"]
[BlackElo "1712"]
[PlyCount "90"]
[EventDate "2015.08.30"]
[EventType "team-tourn"]
[EventRounds "9"]
[EventCountry "GER"]
[SourceTitle "EXT 2022"]
[Source "ChessBase"]
[SourceDate "2021.10.06"]
[SourceVersion "1"]
[SourceVersionDate "2021.10.06"]
[SourceQuality "1"]
[WhiteTeam "Unna SV II"]
[BlackTeam "Hamm SVg II"]
[WhiteTeamCountry "GER"]
[BlackTeamCountry "GER"]

1. Nf3 Nf6 2. g3 Nc6 3. d3 e5 4. e4 h6 5. Bg2 Bc5 6. 0-0 d6 7. c3 Bb6 8. Nbd2 Be6 9. Qe2 0-0 10. Re1 Ng4 11. h3 Bxf2+ 12. Kf1 Bxe1 13. Qxe1 Nf6 14. Kg1 Qd7 15. g4 Nh7 16. Qh4 Qe7 17. Qg3 g5 18. Nf1 Qd7 19. Ne3 f6 20. Nf5 Bxf5 21. gxf5 Kf7 22. h4 Rh8 23. Qg4 Rag8 24. Qh5+ Ke7 25. Be3 Qe8 26. Qg4 h5 27. Qg3 gxh4 28. Qxh4 Rg4 29. Qf2 Rhg8 30. Nh4 Ng5 31. Kh2 Kd7 32. Ng6 Ne7 33. Rg1 Nxg6 34. fxg6 Qxg6 35. Rf1 Ke7 36. c4 b6 37. b4 Ne6 38. Rg1 Nf4 39. Bxf4 exf4 40. c5 h4 41. cxd6+ cxd6 42. Qc2 Rxg2+ 43. Rxg2 Qxg2+ 44. Qxg2 Rxg2+ 45. Kxg2 Ke6 0-1

[Event "Ruhrgebiet Bezirksliga 15/16"]
[Site "Ruhrgebiet"]
[Date "2015.09.20"]
[Round "2.5"]
[White "Przybela, Josef Franz"]
[Black "Burosch, Raimund"]
[Result "1/2-1/2"]
[WhiteElo "1660"]
[BlackElo "1445"]
[PlyCount "50"]
[EventDate "2015.08.30"]
[EventType "team-tourn"]
[EventRounds "9"]
[EventCountry "GER"]
[SourceTitle "EXT 2022"]
[Source "ChessBase"]
[SourceDate "2021.10.06"]
[SourceVersion "1"]
[SourceVersionDate "2021.10.06"]
[SourceQuality "1"]
[WhiteTeam "Hamm Koenigsspringer II"]
[BlackTeam "Unna SV II"]
[WhiteTeamCountry "GER"]
[BlackTeamCountry "GER"]

1. d4 Nf6 2. Nf3 g6 3. c4 Bg7 4. Nc3 d6 5. e3 0-0 6. Be2 Nbd7 7. 0-0 e5 8. b4 c6 9. Rb1 e4 10. Nd2 d5 11. cxd5 cxd5 12. Qb3 Nb6 13. a4 Be6 14. Ba3 Rc8 15. b5 Re8 16. a5 Nc4 17. Nxc4 dxc4 18. Qa4 b6 19. Bb4 Qc7 20. h3 Nd5 21. Nxd5 Bxd5 22. Bc3 f5 23. Rfc1 Bf8 24. axb6 axb6 25. Qc2 Bh6 1/2-1/2

[Event "Ruhrgebiet Verbandsklasse Gruppe 1 1415"]
[Site "Germany"]
[Date "2014.12.14"]
[Round "4"]
[White "Dunsche, Daniel"]
[Black "Burosch, Raimund"]
[Result "1-0"]
[WhiteElo "1631"]
[BlackElo "1424"]
[PlyCount "120"]
[EventDate "2014.09.21"]
[EventType "team-tourn"]
[EventRounds "9"]
[EventCountry "GER"]
[SourceTitle "EXT 2022"]
[Source "ChessBase"]
[SourceDate "2021.10.06"]
[SourceVersion "1"]
[SourceVersionDate "2021.10.06"]
[SourceQuality "1"]
[WhiteTeam "Waltrop SV"]
[BlackTeam "Unna SV"]
[WhiteTeamCountry "GER"]
[BlackTeamCountry "GER"]

1. d4 Nf6 2. c4 g6 3. Nc3 Bg7 4. e4 d6 5. f3 Nbd7 6. Be3 e5 7. d5 0-0 8. Qd2 a6 9. Nge2 Qe7 10. g4 Rb8 11. Ng3 c5 12. h4 h5 13. gxh5 Nxh5 14. Nxh5 gxh5 15. Bh6 f6 16. 0-0-0 Rf7 17. Be2 Nb6 18. Rdg1 Kf8 19. Bxg7+ Rxg7 20. Qh6 Qf7 21. Rxg7 Qxg7 22. Qxh5 Qg2 23. Rf1 Na4 24. Nxa4 Qxe2 25. Qh6+ Ke7 26. Rg1 Qxc4+ 27. Nc3 Kd8 28. Rg7 Qf1+ 29. Kc2 Bd7 30. Qh8+ Be8 31. Rg8 Qf2+ 32. Kb3 c4+ 33. Ka3 Qc5+ 34. b4 cxb3+ 35. Kxb3 Qb6+ 36. Ka3 Qa5+ 37. Kb3 Qb6+ 38. Kc2 Qf2+ 39. Kc1 Qe1+ 40. Kb2 Qf2+ 41. Ka1 Qf1+ 42. Nb1 Qb5 43. Qxf6+ Kc7 44. Qe7+ Kb6 45. Qxd6+ Ka7 46. Qxe5 Rc8 47. Qd4+ Kb8 48. Qb2 Qd3 49. Rg7 Bb5 50. Qe5+ Ka7 51. Rc7 Rxc7 52. Qxc7 Bc4 53. Qe5 b5 54. Qc3 Qe2 55. Nd2 Qd1+ 56. Kb2 Qa4 57. Nxc4 bxc4 58. h5 Qb5+ 59. Ka1 Qe8 60. h6 Qg6 1-0

[Event "Dortmund Sparkassen op-B"]
[Site "Dortmund"]
[Date "2010.07.20"]
[Round "4"]
[White "Niediek, Cedric"]
[Black "Burosch, Raimund"]
[Result "1-0"]
[WhiteElo "1854"]
[BlackElo "1194"]
[PlyCount "66"]
[EventDate "2010.07.17"]
[EventType "swiss"]
[EventRounds "9"]
[EventCountry "GER"]
[SourceTitle "EXT 2014"]
[Source "ChessBase"]
[SourceDate "2013.11.20"]
[SourceVersion "1"]
[SourceVersionDate "2013.11.20"]
[SourceQuality "1"]

1. d4 Nf6 2. c4 g6 3. Nc3 Bg7 4. e4 d6 5. Nf3 0-0 6. Be2 e5 7. d5 Nbd7 8. Be3 a6 9. h3 Nh5 10. 0-0 f5 11. exf5 gxf5 12. Ng5 f4 13. Ne6 Qe7 14. Nxf8 Qxf8 15. Bxh5 fxe3 16. fxe3 Qe7 17. Bf7+ Kh8 18. Be6 Nf6 19. Bxc8 Rxc8 20. e4 Rg8 21. Qf3 Rf8 22. Qe2 Rg8 23. Rf2 Qf7 24. Raf1 h5 25. Qe3 Qg6 26. Qe2 h4 27. Rf5 Rf8 28. Qf2 Qh6 29. Nd1 Kg8 30. Ne3 Nxe4 31. Rxf8+ Bxf8 32. Qf7+ Kh8 33. Qxf8+ Kh7 1-0

[Event "Dortmund Sparkassen op-B"]
[Site "Dortmund"]
[Date "2010.07.19"]
[Round "3"]
[White "Burosch, Raimund"]
[Black "Schulz Rackoll, Rolf"]
[Result "0-1"]
[WhiteElo "1194"]
[BlackElo "1841"]
[PlyCount "99"]
[EventDate "2010.07.17"]
[EventType "swiss"]
[EventRounds "9"]
[EventCountry "GER"]
[SourceTitle "EXT 2014"]
[Source "ChessBase"]
[SourceDate "2013.11.20"]
[SourceVersion "1"]
[SourceVersionDate "2013.11.20"]
[SourceQuality "1"]

1. e4 c5 2. Nf3 d6 3. d3 g6 4. g3 Bg7 5. Bg2 Nc6 6. c3 Nf6 7. Nbd2 0-0 8. 0-0 Bg4 9. h3 Bxf3 10. Nxf3 e6 11. Re1 d5 12. e5 Nd7 13. d4 cxd4 14. cxd4 Rc8 15. Bg5 Qb6 16. Qd2 Rfe8 17. Bh6 Bh8 18. h4 Qb4 19. Qf4 Qe7 20. g4 Bg7 21. Bh3 Bxh6 22. Qxh6 Qf8 23. Qf4 h6 24. Kh2 Kg7 25. Rg1 Qe7 26. Rg3 Ncb8 27. b3 Rc2 28. Rg2 Rec8 29. g5 h5 30. a4 Na6 31. Rag1 Ndb8 32. Ne1 R2c3 33. Rg3 b6 34. Ng2 Qb4 35. Ne3 Rf8 36. R1g2 Qxb3 37. Bg4 Qa3 38. Bxh5 Rh8 39. Rf3 Qf8 40. Bg4 Rc6 41. Kg3 Qe7 42. Rh2 Rcc8 43. h5 gxh5 44. Rxh5 Nc6 45. g6 fxg6 46. Rg5 Rcf8 47. Rxg6+ Kxg6 48. Bf5+ exf5 49. Nxf5 Qg5+ 50. Qxg5+ 0-1